00517nam a22001697a 450000500170000001000150001702000260003203500130005803700130007108200140008410000140009824500750011226000380018727000420022530000240026750000560029120160624162723.0 aENG-115333 a9788125060130c622.00 aEN-98865 bDBAD/PUB a320.95475 aShah,A.M. aSociology and history :bdiglogues towards intergration /cby A.M.Shah aNew DelhibOrient BlackSwanc2016 a1/24,Asaf Ali RoadbNew Delhie110002 axii,254p.c22cm(Hb) aIncludes references, author index and Subject index